韓国の歴代大統領 - Statistics

General Stats
  • This quiz has been taken 531 times
    47 since last reset
  • The average score is 14 of 21
Answer Stats
Answer % Correct
1 李承晩
95%
2 李承晩
95%
3 李承晩
95%
18 朴槿恵
93%
15 金大中
90%
19 文在寅
88%
5 朴正煕
83%
6 朴正煕
83%
7 朴正煕
83%
8 朴正煕
83%
9 朴正煕
83%
20 尹錫悦
65%
13 盧泰愚
58%
21 李在明
55%
14 金泳三
53%
17 李明博
53%
16 盧武鉉
50%
11 全斗煥
43%
12 全斗煥
43%
10 崔圭夏
23%
4 尹潽善
15%
No matching quizzes found
Score Distribution
Percent of People with Each Score
Percentile by Number Answered
Your Score History
You have not taken this quiz since the last reset